Normal view MARC view

Entry Personal Name

Number of records used in: 1

001 - CONTROL NUMBER

  • control field: 57964

003 - CONTROL NUMBER IDENTIFIER

  • control field: dpl

005 - DATE AND TIME OF LATEST TRANSACTION

  • control field: 20231020112947.0

008 - FIXED-LENGTH DATA ELEMENTS

  • fixed length control field: 231020|| aca||aabn | a|a d

040 ## - CATALOGING SOURCE

  • Original cataloging agency: dpl
  • Transcribing agency: dpl

100 ## - HEADING--PERSONAL NAME

  • Personal name: Mookerjee Ananda

670 ## - SOURCE DATA FOUND

  • Source citation: Work cat.: (dpl)198824: Mookerjee Ananda , Dismantling Global Hinduism &Anti-India Activities , 2023

© Delhi Public Library
Hit Counter
free hit counter